000 00293nam a22001217a 4500
008 170616b xxu||||| |||| 00| 0 eng d
041 _aeng
080 _a32
100 _a20
101 _aSHP
245 _aBROADENING ASIA SECURITY DISCOURTE AGENDA POLITICAL
_cTHAKUR.R
942 _2udc
_cBK
999 _c17951
_d17951